Statistiken für Die teuersten Fußballtransfers - Saison 2011-2012

Klicken Sie hier um das Quiz zu spielen!

Allgemein

  • Dieses Quiz wurde 30 mal gespielt
  • Das Durchschnittsergebnis liegt bei 7 aus 10

Antwortstatistiken

Ablöse (M €)NationalitätAbgebender VereinAufnehmender VereinSpieler% Korrekt
30,00DeutschlandFC Schalke 04FC Bayern MünchenManuel Neuer
96%
40,00ArgentinaAtlético MadridManchester CitySergio Agüero
93%
27,00KamerunInterAnzhiSamuel Eto'o
89%
26,00ChileUdinese CalcioFC BarcelonaAlexis Sánchez
79%
34,00SpanienFC ArsenalFC BarcelonaCesc Fàbregas
79%
40,00KolumbienFC PortoAtlético MadridRadamel Falcao
75%
42,00ArgentineUS PalermoParis SGJavier Pastore
50%
30,00PortugalBenficaReal MadridFábio Coentrão
46%
27,50FrankreichFC ArsenalManchester CitySamir Nasri
39%
26,70SpanienFC ValenciaFC ChelseaJuan Mata
36%

Verteilung der Resultate

Perzentil nach korrekt beantworteten Fragen

Anzahl Personen mit jedem Resultat

Ihre Resultats-Entwicklung

Sie haben dieses Quiz noch nicht gespielt